LIBRARY & INFORMATION CENTRE, KCAET, TAVANUR

ONLINE PUBLIC ACCESS CATALOGUE (OPAC)

Development and performance evaluation of infrared dryer (Record no. 16325)

MARC details
000 -LEADER
fixed length control field 00611nam a22001937a 4500
003 - CONTROL NUMBER IDENTIFIER
control field OSt
082 ## - DEWEY DECIMAL CLASSIFICATION NUMBER
Classification number 664
Item number ANU/DE
100 ## - MAIN ENTRY--AUTHOR NAME
Personal name Anuj Sonal, P
100 ## - MAIN ENTRY--AUTHOR NAME
Personal name Aswin Jayaraj
100 ## - MAIN ENTRY--AUTHOR NAME
Personal name Shahana, A
100 ## - MAIN ENTRY--AUTHOR NAME
Personal name Shreya Khalai
100 ## - MAIN ENTRY--AUTHOR NAME
Personal name Athulya Murali
245 ## - TITLE STATEMENT
Title Development and performance evaluation of infrared dryer
260 ## - PUBLICATION, DISTRIBUTION, ETC. (IMPRINT)
Place of publication Tavanur
Name of publisher Department of Processing and Food Engineering
Year of publication 2020
700 ## - ADDED ENTRY--PERSONAL NAME
Personal name Rajesh, G. K
700 ## - ADDED ENTRY--PERSONAL NAME
Personal name Nighitha. M. T
856 ## - ELECTRONIC LOCATION AND ACCESS
Uniform Resource Identifier https://drive.google.com/file/d/1jnqN8AKSJPflzyX7LiDXxTa50DCxuGMy/view?usp=sharing
942 ## - ADDED ENTRY ELEMENTS (KOHA)
Koha item type Project Report
Holdings
Collection code Home library Current library Shelving location Full call number Accession Number Koha item type
General Books KAUAET KAUAET Reference 664 ANU/DE P 486 Project Report
free website counter